000 00873cab a2200253 4500
001 WB3344-33
008 090401t1997 xxu||||| |||| 00| 0 eng d
035 _a(Sirsi) u82059
041 _aeng
245 _aAgreements flouted
260 _c1997
350 _a0
490 _aWestern Morning News
_v5 November 1997, 6(1)
520 _aProperty consultants Bruton Knowles warn that some landlords are taking an unfair approach to compensating their tenants for improvements under new Farm Business Tenancy agreements.
650 _aPROPERTY-LANDLORD AND TENANT-TENANCIES-AGRICULTURAL TENANCIES
650 _aBRUTON KNOWLES
650 _aCOMPENSATION
650 _aFARM BUSINESS TENANCIES
650 _aFARM BUSINESS TENANCY AGREEMENTS
650 _aIMPROVEMENTS
690 _aLANDLORD AND TENANT-AGRICULTURAL TENANCIES
942 _n0
948 _c13/11/1997
999 _c51752
_d51752